LEADER 01253nam1-2200385---450- 001 990002948750203316 005 20100219133423.0 035 $a000294875 035 $aUSA01000294875 035 $a(ALEPH)000294875USA01 035 $a000294875 100 $a20070625f---0---9km-y0itay50------ba 101 0 $aita 102 $aIT 105 $a||||||||001yy 200 1 $a<> mito nella letteratura italiana$fopera diretta da Pietro Gibellini 210 $aBrescia$cMorcelliana 215 $av.$d22 cm 463 \1$1001990002143510203316$12001 $a<<5:>> Percorsi 463 \1$1001990002143700203316$12001 $a<<5.1:>> Miti senza frontiere 463 \1$1001990002948760203316$12001 $a<<2.>> : Dal Barocco all'Illuminismo 606 0 $aLetteratura italiana$xTemi [:] Miti$2BNCF 676 $a850.937 702 1$aGIBELLINI,$bPietro 801 0$aIT$bsalbc$gISBD 912 $a990002948750203316 951 $aVI.3.C. 56/$bL.M.$cVI.3.C. 959 $aBK 969 $aUMA 979 $aRIVELLI$b90$c20070625$lUSA01$h0936 979 $aRIVELLI$b90$c20070625$lUSA01$h0944 979 $aRIVELLI$b90$c20070625$lUSA01$h0944 979 $aANNAMARIA$b90$c20100219$lUSA01$h1334 996 $aMito nella letteratura italiana$9542549 997 $aUNISA LEADER 00860nam0-22002651i-450- 001 990003877710403321 005 20070606112151.0 035 $a000387771 035 $aFED01000387771 035 $a(Aleph)000387771FED01 035 $a000387771 100 $a20030910d1997----km-y0itay50------ba 101 0 $aita 102 $aIT 200 1 $aAnalisi dele dichiarazioni dei redditi delle persone fisiche presentate nel 1994$eMod. 740-Mod.730-Mod. 770/A (ex Mod. 101) 210 $aRoma$cMinistero delle finanze$d1997 215 $a260 p.$d31 cm 710 01$aItalia.$bMinistero delle finanze$0356818 801 0$aIT$bUNINA$gRICA$2UNIMARC 901 $aBK 912 $a990003877710403321 952 $aC2-C5.93$b8723$fDECTS 959 $aDECTS 996 $aAnalisi dele dichiarazioni dei redditi delle persone fisiche presentate nel 1994$9516908 997 $aUNINA LEADER 01273nam--2200385---450- 001 990002155380203316 005 20100902102257.0 035 $a000215538 035 $aUSA01000215538 035 $a(ALEPH)000215538USA01 035 $a000215538 100 $a20041109d1984----km-y0itay0103----ba 101 0 $aita 102 $aIT 105 $aa|||||||001yy 200 1 $a<> bilancio di esercizio delle societą di capitali secondo la 4. direttiva C.E.E.$fNicola Di Cagno 205 $a2. ed 210 $aBari$cCacucci$d1984 215 $a140 p.$cill.$d24 cm 300 $aIn cop.: Istituto di ragioneria ed economia aziendale, Universitą di Bari 410 0$12001 454 1$12001 461 1$1001-------$12001 606 0 $aSocietą di capitali$xBilancio$xLegislazione comunitaria 676 $a341.750 614 700 1$aDI CAGNO,$bNicola$0116042 801 0$aIT$bsalbc$gISBD 912 $a990002155380203316 951 $aXXIII.4.K. 765 (X 1 VII 4)$b8060 E.C.$cXXIII.4.K. 765 (X 1 VII)$d00288655 959 $aBK 969 $aGIU 979 $aSIAV3$b10$c20041109$lUSA01$h1303 979 $aRSIAV2$b90$c20100902$lUSA01$h1022 996 $aBilancio di esercizio delle societą di capitali secondo la 4. direttiva C.E.E$91038374 997 $aUNISA LEADER 01485nam--2200409---450- 001 990003383350203316 005 20100419144704.0 035 $a000338335 035 $aUSA01000338335 035 $a(ALEPH)000338335USA01 035 $a000338335 100 $a20100329d1991----km-y0itay50------ba 101 $aita 102 $aIT 105 $a||||||||001yy 200 1 $a<> cittą metropolitana$espazio, tempo, velocitą per la cittą del 21. secolo$earea stretta, area larga, area di stanca, area colorata$ei dieci casi$eNapoli, 22-23 marzo 1991 210 $aNapoli$cUniversitą degli studi, Dipartimento di pianificazione e scienza del territorio$d1991 215 $a150 p.$cill.$d30 cm 300 $aIn cop.: Universitą degli Studi di Napoli, Dipartimento di pianificazione e scienza del territorio, etc. 410 0$12001 454 1$12001 461 1$1001-------$12001 606 0 $aUrbanistica$2BNCF 676 $a711 712 01$aUniversitą degli studi : Dipartimento di pianificazione e scienza del territorio 801 0$aIT$bsalbc$gISBD 912 $a990003383350203316 951 $aIII UR NAP 1$b8435 DBC$cIII UR 959 $aBK 969 $aDBC 979 $aDBC$b90$c20100329$lUSA01$h1520 979 $aDBC$b90$c20100329$lUSA01$h1521 979 $aDBC$b90$c20100329$lUSA01$h1522 979 $aDBC$b90$c20100329$lUSA01$h1523 979 $aDBC$b90$c20100419$lUSA01$h1447 996 $aCittą metropolitana$9264179 997 $aUNISA LEADER 01246cam0-22004091i-450 001 990007155730403321 005 20210726125801.0 010 $a88-348-8079-X 035 $a000715573 035 $aFED01000715573 035 $a(Aleph)000715573FED01 035 $a000715573 100 $a20021021d1998----km-y0itay50------ba 101 0 $aita 102 $aIT 105 $ay-------001yy 200 1 $aCodice delle telecomunicazioni$edisciplina comunitaria e nazionale in tema di telecomunicazioni e televisione$fLuca G. Radicati di Brozolo$gcon la collaborazione di Monica Dal Prą 210 $aTorino$cGiappichelli$d1998 215 $aXIV, 848 p.$d17 cm 225 1 $aCodici comunitari$v2 610 0 $aTelecomunicazioni$aLegislazione 676 $a343.450994$v20$zita 702 1$aDal Prą,$bMonica 702 1$aRadicati Di Brozolo,$bLuca G. 710 02$aUnione europea$0361259 801 0$aIT$bUNINA$gRICA$2UNIMARC 901 $aBK 912 $a990007155730403321 952 $aXXI A 35 (2$b3677$fDDCIC 952 $a22-M-277$b11431$fDDCP 952 $aVI Z 534$b5413$fDDA 959 $aDDA 959 $aDDCIC 959 $aDDCP 996 $aCodice delle telecomunicazioni$9690847 997 $aUNINA DB $aGEN01 LEADER 01479nam0-22004931i-450 001 990006816850403321 005 20230912121403.0 010 $a88-420-4440-7 035 $a000681685 035 $aFED01000681685 035 $a(Aleph)000681685FED01 100 $a20010426d1994----km-y0itay50------ba 101 0 $aita 102 $aIT 105 $ay-------001yy 200 1 $aNazione e nazionalitą in Italia$edall'alba del secolo ai nostri giorni$fA. Agnelli ... [et al.]$ga cura di Giovanni Spadolini 210 $aRoma ; Bari$cLaterza$d©1994 215 $aXII, 276 p.$d21 cm 225 1 $aBiblioteca di cultura moderna$v1062 610 0 $aItalia$aIdentitą nazionale e separatismo 610 0 $aItalia$aUnificazione 676 $a320.1 702 1$aAgnelli,$bArduino$f<1932- > 702 1$aSpadolini,$bGiovanni$f<1925-1994> 801 0$aIT$bUNINA$gRICA$2UNIMARC 901 $aBK 912 $a990006816850403321 952 $aDP VIII-172$b13373$fDEC 952 $aXI D AA.VV. 146$b245$fDFD 952 $aCOLLEZ. 13 (1062)$b26843$fFSPBC 952 $aCOLL. 40(1062)$bBibl.16093$fFLFBC 952 $aDFT C35 SPAG 35$fFLFBC 952 $aXXVII 381$b123$fDDCIC 952 $aSE 107.06.04-$b4275$fDECSE 952 $a19300 SPA$b14781$fSES 959 $aDEC 959 $aFSPBC 959 $aFLFBC 959 $aDDCIC 959 $aDECSE 959 $aSES 959 $aDFD 996 $aNazione e nazionalitą in Italia$9634479 997 $aUNINA LEADER 03269nam 2200697Ia 450 001 9911019396403321 005 20200520144314.0 010 $a9786613620484 010 $a9781280590658 010 $a1280590653 010 $a9780470719800 010 $a047071980X 010 $a9780470717455 010 $a0470717459 035 $a(CKB)1000000000688017 035 $a(EBL)703822 035 $a(OCoLC)775868341 035 $a(SSID)ssj0000715279 035 $a(PQKBManifestationID)11454826 035 $a(PQKBTitleCode)TC0000715279 035 $a(PQKBWorkID)10700483 035 $a(PQKB)10713498 035 $a(MiAaPQ)EBC703822 035 $a(Perlego)2766843 035 $a(EXLCZ)991000000000688017 100 $a20720612d1971 uy 0 101 0 $aeng 135 $aur|n|---||||| 181 $ctxt 182 $cc 183 $acr 200 10$aPyrogens and fever /$fedited by G. E. W. Wolstenholme and Joan Birch 210 $aEdinburgh $cChurchill Livingstone$d1971 215 $a1 online resource (248 p.) 225 1 $aNovartis Foundation Symposia 300 $a"A Ciba Foundation symposium." 311 08$a9780470662854 311 08$a0470662859 311 08$a9780700015047 311 08$a0700015043 320 $aIncludes bibliographical references and index. 327 $aPYROGENS AND FEVER; Contents; Note on terminology; Chairman's opening remarks; Some physiological and clinical aspects of pyrogens; Discussion; Production, chemistry and properties of bacterial pyrogens and endotoxins; Discussion; The significant immunological features of bacterial endotoxins; Discussion; Purification of an endogenous pyrogen, with an appendix on assay methods; Discussion; Role of leucocytes in fever; Discussion; Mechanism of action of pyrogenic and antipyretic steroids in vitro; Discussion; On the mechanism of action of pyrogens; Discussion 327 $aHypothalamic mechanisms of pyrogen action in the cat and monkeyDiscussion; Relevance of experimental observations to pyrexia in clinical situations; Discussion; The mechanism of action of antipyretics; Discussion; Pharmaceutical aspects of pyrogens in hospital and industry; Discussion; The dilemma of quantitation in the test for pyrogens; Discussion; General discussion; Author index; Subject index 330 8 $aThe Novartis Foundation Series is a popular collection of the proceedings from Novartis Foundation Symposia, in which groups of leading scientists from a range of topics across biology, chemistry and medicine assembled to present papers and discuss results. The Novartis Foundation, originally known as the Ciba Foundation, is well known to scientists and clinicians around the world. 410 0$aNovartis Foundation Symposia 606 $aPyrogens$vCongresses 606 $aFever$vCongresses 615 0$aPyrogens 615 0$aFever 676 $a616.9/26/014 701 $aWolstenholme$b G. E. W$g(Gordon Ethelbert Ward)$063039 701 $aBirch$b Joan$0896374 712 02$aCiba Foundation. 712 12$aSymposium on Pyrogens and Fever 801 0$bMiAaPQ 801 1$bMiAaPQ 801 2$bMiAaPQ 906 $aBOOK 912 $a9911019396403321 996 $aPyrogens and fever$92002563 997 $aUNINA LEADER 05263nam 22007455 450 001 9910869157903321 005 20251225193708.0 010 $a9783031640377 010 $a3031640373 024 7 $a10.1007/978-3-031-64037-7 035 $a(CKB)32609883100041 035 $a(MiAaPQ)EBC31507669 035 $a(Au-PeEL)EBL31507669 035 $a(DE-He213)978-3-031-64037-7 035 $a(MiAaPQ)EBC31521830 035 $a(Au-PeEL)EBL31521830 035 $a(EXLCZ)9932609883100041 100 $a20240629d2024 u| 0 101 0 $aeng 135 $aur||||||||||| 181 $ctxt$2rdacontent 182 $cc$2rdamedia 183 $acr$2rdacarrier 200 10$aInformation Technology in Disaster Risk Reduction $e8th IFIP WG 5.15 International Conference, ITDRR 2023, Tokyo, Japan, December 4?6, 2023, Revised Selected Papers /$fedited by Julie Dugdale, Terje Gjųsęter, Osamu Uchida 205 $a1st ed. 2024. 210 1$aCham :$cSpringer Nature Switzerland :$cImprint: Springer,$d2024. 215 $a1 online resource (288 pages) 225 1 $aIFIP Advances in Information and Communication Technology,$x1868-422X ;$v706 311 08$a9783031640360 311 08$a3031640365 320 $aIncludes bibliographical references and index. 327 $a -- Evacuation and Emergency Management. -- Risk and Control Assurance Framework for Emergency Management Projects. -- Digitalized Co-production of Emergency Response: Dispatch and on-site work by volunteer first responders. -- Proposing a Simple Method of Creating Tsunami Evacuation Simulations: Aiming to Empower Residents for Feasible Measures. -- Performance Evaluation of Flood Level Estimation Method using State-space Model with Time-series Monitoring Data. -- Situational Awareness. -- Snowed In and Cut Off: How a Norwegian Municipality Dealt with a Power Outage. -- Situational Disabilities in Emergency Management ? Validation of Realistic Scenarios for Training and Awareness-raising. -- TeamAware: Profile-based Interoperability Framework for First Responders. -- Social Media. -- Archiving Social Media Discussions in Time and Space: A focus on refugees from Middle East and related war conflicts during Jan 2015 ? Apr 2016. -- Location Extraction in Disaster Tweets with a Model Trained on Past Data: Diverse Analysis. -- Analysis of Japanese Tweets on the Russian Military Invasion of Ukraine Focusing on Frequently Used Words and Emotional Expressions. -- Information Systems. -- The Paradox Of Information Systems In Crisis: Walking The Tight Rope Between Rigidity & Flexibility. -- Digital Supply Chain Roles in the Power Industry. -- A Multi-modal Approach towards Public Alerting and Effective Communication in Disaster Scenarios: Implementation in the Indian Context. -- Geographic Information System (GIS). -- Identification of Undesignated Evacuation Sites Location by Mobile Spatial Statistics. -- Derivation of Evacuation Routes to Avoid Narrow Road Adopting Physarum Solver. -- Evaluation of Sentinel-1 GRD data with GEE for Floods mapping in Rubkona, South Sudan. -- Healthcare. -- A Novel Proof of Concept Forecasting Model for Pandemics ? A Case Study in New Zealand. -- Sensorized Maternal Health Interventions in Marginalized Communities: The Role of Surveillant Assemblages in Maintaining Compliance within Disaster-affected Healthcare Systems. 330 $aThis volume constitutes the refereed and revised post-conference proceedings of the 8th IFIP WG 5.15 International Conference on Information Technology in Disaster Risk Reduction, ITDRR 2023, held in Tokyo, Japan, during December 4-6, 2023. The 18 full papers were carefully reviewed and selected from 26 submissions. The papers were organized in topical sections as follows: Evacuation and Emergency Management; Situational Awareness; Social Media; Information Systems; Geographic Information System (GIS); and Healthcare. 410 0$aIFIP Advances in Information and Communication Technology,$x1868-422X ;$v706 606 $aApplication software 606 $aComputer engineering 606 $aComputer networks 606 $aCoding theory 606 $aInformation theory 606 $aSocial sciences$xData processing 606 $aComputer and Information Systems Applications 606 $aComputer Engineering and Networks 606 $aCoding and Information Theory 606 $aComputer Application in Social and Behavioral Sciences 615 0$aApplication software. 615 0$aComputer engineering. 615 0$aComputer networks. 615 0$aCoding theory. 615 0$aInformation theory. 615 0$aSocial sciences$xData processing. 615 14$aComputer and Information Systems Applications. 615 24$aComputer Engineering and Networks. 615 24$aCoding and Information Theory. 615 24$aComputer Application in Social and Behavioral Sciences. 676 $a363.348 702 $aDugdale$b Julie 702 $aGjųsęter$b Terje 702 $aUchida$b Osamu 801 0$bMiAaPQ 801 1$bMiAaPQ 801 2$bMiAaPQ 906 $aBOOK 912 $a9910869157903321 996 $aInformation Technology in Disaster Risk Reduction$92834273 997 $aUNINA